The hunt of red October

Saved in:
Bibliografiske detaljer
Hovedforfatter: Clancy, Tom (Author)
Format: Bog
Sprog:engelsk
Udgivet: Glasgow Fontana Paperbacks 1986
Udgivelse:1a. ed
Fag:
Tags: Tilføj Tag
Ingen Tags, Vær først til at tagge denne postø!

MARC

LEADER 00000cam a2200000 a 4500
001 UCF5279
003 CL-VaPUC
008 130307e19860000UK |||||||||||||||||eng|d
020 |a 0006172768 
082 0 4 |a 813  |b CLA  |2 21 
100 0 |a Clancy, Tom  |e author  |9 567078 
245 1 4 |a The hunt of red October 
250 |a 1a. ed 
300 |a 479 p 
942 |c BK 
945 |d 20130307 00:00:00  |a cmena 
260 |a Glasgow  |b Fontana Paperbacks  |c 1986 
650 0 |a Novelas estadounidenses  |9 265217 
650 0 |a Literatura estadounidense  |9 317168 
583 |a last modification  |c 20130307 11:37:00  |k Rodrigo Vera 
999 |c 350837  |d 350835 
952 |0 0  |1 0  |4 0  |6 813_000000000000000_CLA_1986  |7 0  |8 A  |9 454570  |a BIBEDU  |b BIBEDU  |d 2019-11-22  |i 4948297  |l 2  |o 813 CLA 1986  |p 4948297  |r 2023-11-14  |s 2023-11-14  |w 2019-11-22  |y BK  |k LIT